Stochastic models in operations research

Αποθηκεύτηκε σε:
Λεπτομέρειες βιβλιογραφικής εγγραφής
Κύριος συγγραφέας: Heyman, Daniel P.
Άλλοι συγγραφείς: Sobel, Matthew J.
Μορφή: Βιβλίο
Γλώσσα:English
Δημοσίευση: New York : McGraw-Hill, c1982-c1984
Σειρά:McGraw-Hill series in quantitative methods for management
Θέματα:
Ετικέτες: Προσθήκη ετικέτας
Δεν υπάρχουν, Καταχωρήστε ετικέτα πρώτοι!

MARC

LEADER 00000nam a2200000 i 4500
001 1/47164
008 070918m19821984 eng d
020 |a 0-486-43259-9 (pbk.) 
020 |a 0-07-028632-9 (τ.2) (hbk.) 
020 |a 0-486-43260-2 (τ.2) (pbk.) 
035 |l 10026450 
040 |a GR-MY-UA  |b gre  |e aacr 
041 0 |a eng 
082 0 |a 001.424  |2 (19) 
100 1 |a Heyman, Daniel P. 
245 1 0 |a Stochastic models in operations research /  |c Daniel P. Heyman, Matthew J. Sobel 
260 |a New York :   |b McGraw-Hill,   |c c1982-c1984 
300 |a 2 τ.;  |b εικ.;  |c 25 εκ. 
490 1 |a McGraw-Hill series in quantitative methods for management 
504 |a Περιλαμβάνει βιβλιογραφικές παραπομπές και ευρετήριο 
505 0 |a v. 1. Stochastic processes and operating characteristics -- v. 2. Stochastic optimization 
650 0 0 |a Operations research. 
650 0 0 |a Stochastic processes. 
650 0 0 |a Stochastic programming. 
700 1 |a Sobel, Matthew J. 
740 0 2 |a Stochastic optimization 
830 0 |a McGraw-Hill series in quantitative methods for management 
852 |a INST  |b CHIOS  |e 19950224  |h 001.424 HEY  |p 005200006948  |q 005200006948  |t BK  |y 0  |z τ.2 
852 |a INST  |b CHIOS  |e 20070830  |h 001.424 HEY  |p 005200025566  |q 005200025566  |t BK  |y 0  |z τ.1 
852 |a INST  |b CHIOS  |e 20070822  |h 001.424 HEY  |p 005200025635  |q 005200025635  |t BK  |y 0  |z τ.2 
852 |a INST  |b CHIOS  |e 19950224  |h 001.424 HEY  |p 005200006948  |q 005200006948  |t BK  |v τ.2:  |y 0  |z τ.2 
852 |a INST  |b CHIOS  |e 20070830  |h 001.424 HEY  |p 005200025566  |q 005200025566  |t BK  |v τ.1:  |y 0  |z τ.1 
852 |a INST  |b CHIOS  |e 20070822  |h 001.424 HEY  |p 005200025635  |q 005200025635  |t BK  |v τ.2:  |y 0  |z τ.2 
853 |a INST  |b CHIOS  |h 001.424 HEY 
901 |a BIBL2-2007-3 
909 |a Χ  |b 003938 
909 |a Χ  |b 138143 
909 |a Χ  |b 138900 
922 |a 2ΕΛΗ  |b 200707  |c ΕΠΕΑΕΚ2/ΤΜΟΔ  |d ΠΑΠΑΣΩΤΗΡΙΟΥ 
970 |a ΑΤΣΑΛΗ  |b ΔΕΣΠΟΙΝΑ  |z 2007/09/18